El republicanismo español : raíces históricas y perspectivas de futuro /
Spremljeno u:
| Daljnji autori: | , , |
|---|---|
| Format: | Elektronički e-knjiga |
| Jezik: | španjolski |
| Izdano: |
Madrid :
Asociación Manuel Azaña : Biblioteca Nueva,
c2001.
|
| Izdanje: | 2. ed. |
| Serija: | Colección Historia (Biblioteca Nueva (Firm)).
|
| Teme: | |
| Online pristup: | Digitalia Hispánica |
| Oznake: |
Dodaj oznaku
Bez oznaka, Budi prvi tko označuje ovaj zapis!
|
MARC
| LEADER | 00000nam a2200000Ii 4500 | ||
|---|---|---|---|
| 001 | DIGBN02660 | ||
| 003 | NyNyDIG | ||
| 006 | m o d | ||
| 007 | cr ||||||||||| | ||
| 008 | 100625s2001 sp ob 000 0 spa d | ||
| 020 | |z 8470309102 | ||
| 020 | |z 9788470309106 | ||
| 040 | |a DGITA |b eng |e pn |c DGITA | ||
| 043 | |a e-sp--- | ||
| 050 | 1 | 4 | |a DP233 eBook |
| 245 | 0 | 3 | |a El republicanismo español : |b raíces históricas y perspectivas de futuro / |c Angeles Egido León, Mirta Núñez Díaz-Balart, eds. ; prólogo de Nigel Townson. |
| 250 | |a 2. ed. | ||
| 264 | 1 | |a Madrid : |b Asociación Manuel Azaña : |b Biblioteca Nueva, |c c2001. | |
| 300 | |a 1 online resource (333 pages) | ||
| 336 | |a text |b txt |2 rdacontent | ||
| 337 | |a computer |b c |2 rdamedia | ||
| 338 | |a online resource |b cr |2 rdacarrier | ||
| 490 | 1 | |a Colección Historia Biblioteca Nueva | |
| 504 | |a Includes bibliographical references (p. 321-333). | ||
| 505 | 0 | |a Prólogo / Nigel Townson -- Presentación / Ángeles Egido León Y Mirta Núñez Díazbalart (eds.) -- Nota preliminar -- Parte 1. Un referente obligado: Manuel Azaña, tres ángulos -- I. El estadista: Azaña o la modernización de España / Manuel Muela -- II. El reformista: un radical en Buenavista / María Ángeles Nadal De Uhler -- III. El hombre: perfil intelectual y personal de un político republicano / Ángeles Egido León -- Parte 2. Republicanismo y franquismo: la lucha por la supervivencia -- I. La represión, elemento central de la "Victoria ", Matilde Eiroa -- II. La cárcel tras los muros. El trabajo de los presos políticos en la España de Franco / Mirta Núñez Díazbalart -- Parte 3. Sesenta años de exilio: la memoria viva -- I. El exilio español de 1939: consecuencias culturales y políticas / José Luis Abellan -- II.-Tres casos líricosjuan Ramón Jiménez, Pedro Salinas y Pedro Garfias / Carlos Manuel López Ramos -- Parte 4. El republicanismo español ante el nuevo siglo: guerras y nuevas fronteras -- I. El referéndum de descolonización del Sahara Occidental / José Luis Pitarch -- II. Colombia entre el optimismo y el realismo / Hernando Perdomo Blanco -- III. La OTAN que viene / Luis Méndez Asensio -- Parte 5. El laicismo, eje de la nueva sociedad -- I. España contra la modernidad / Juan Ignacio Perreras -- II. Valores republicanos: educación y ciudadanía / Rafael Torres -- Parte 6. Un debate abierto: comunidades autónomas y federalismo -- I. Federalismo y autonomías: la organización territorial del Estado en el constitucionalismo republicano / Andoni Pérez Avala -- II. ¿En España, qué federalismo? / Andrés Parra -- Epílogo / José Esteban -- Bibliografía. | |
| 650 | 0 | |a Republicanism |z Spain |x History |y 20th century. | |
| 651 | 0 | |a Spain |x Politics and government |y 20th century. | |
| 655 | 0 | |a Electronic books. | |
| 700 | 1 | |a Egido León, María de los Ángeles. | |
| 700 | 1 | |a Núñez Díaz-Balart, Mirta. | |
| 700 | 1 | |a Townson, Nigel. | |
| 791 | 2 | |a Digitalia (Firm), |e distributor. | |
| 830 | 0 | |a Colección Historia (Biblioteca Nueva (Firm)). | |
| 793 | 0 | |g Digitalia eBook Collection: |a Biblioteca Nueva | |
| 856 | 4 | 0 | |3 Digitalia Hispánica |u https://digitalia.unach.elogim.com/a/5399/ |
| 910 | |a Premium Collection: 2007-2012 | ||